000 00877nam a2200205 4500
999 _c57780
_d57780
003 Ge_BSU
005 20201126140313.0
008 201126s20172018ge ||||| |||| 00| 0 geo d
020 _a9789941096877
041 _ageo
080 _a615.2(479.22)(035) ც-80
245 _aცნობარი ვიდალი - 2017/2018 /
_bსამკურნალო პრეპარატები საქართველოში.
250 _aმე-8 შევსებული და შესწორებული გამოცემა
264 _aთბილისი :
_bფარმინფორმი,
_c2017.
300 _a1660 გვ.
_b28 სმ.
653 _aსამკურნალო პრეპარატები
653 _aცნობარი
653 _aსახელმძღვანელოები
942 _2udc
_cBK